000 02844nam a2200337 i 4500
003 CSPC
005 20240523092630.0
008 230803s2020 nyua b 001 0 eng
010 _a 2020000100
020 _a9780367245092
040 _aDLC
_beng
_erda
_cDLC
_dCSPC
050 0 0 _aPN171.O55
_bC37 2020
082 0 0 _a808.002854678
_bC236w
100 1 _aCarroll, Brian,
_d1965-
_eauthor.
240 1 0 _aWriting for digital media
245 1 0 _aWriting and editing for digital media /
_cBrian Carroll.
250 _aFourth edition.
264 1 _aNew York, NY :
_bRoutledge,
_c2020.
300 _axiii, 375 pages :
_billustrations ;
_c23 cm.
336 _atext
_btxt
_2rdacontent
337 _aunmediated
_bn
_2rdamedia
338 _avolume
_bnc
_2rdacarrier
504 _aIncludes bibliographical references and index.
505 0 _aWriting for digital media: the foundation -- Editing for digital media: strategies -- Writing for digital media II: tools & techniques -- Editing for digital media II: pulling it all together -- Whiteboarding: generating ideas & publishing the story -- Journalism in a digital age -- Public relations for a digital age -- Multi-modal storytelling -- Credibility in a 'post-truth' era -- Navigating the legal landscape.
520 _a"In this new edition, Brian Carroll explores writing and editing for digital media with information about voice, style, media formats, and content development, combining hands-on exercises with new sections on idea generation, multi-modal storytelling, podcasting, and information credibility. Carroll explains and demonstrates how to effectively write for digital spaces - whether crafting a story for a website, writing for an app, blogging, or using social media to expand the conversation. Each chapter features lessons and exercises through which students can build a solid understanding of the ways that digital communication provides opportunities for dynamic storytelling and multi-directional communication. Updated with contemporary examples and new pedagogy, the fourth edition broadens its scope, helping digital writers and editors in all fields, including public relations, marketing, and social media management. Writing and Editing for Digital Media is an ideal handbook for students from all backgrounds who are looking to develop their writing and editing skills for this ever-evolving industry"--
_cProvided by publisher.
650 0 _aOnline authorship.
650 0 _aOnline journalism.
776 0 8 _iOnline version:
_aCarroll, Brian.
_tWriting and editing for digital media
_bFourth edition.
_dNew York, NY : Routledge, Taylor & Francis Group, 2020
_z9780429282942
_w(DLC) 2020000101
942 _2ddc
_cBK
_h808.002854678
_iC236w
_kCIR
_m2020
_n0
_e23
999 _c25835
_d25835